00932nam a2200265 i 4500003000900000005001700009007000300026008004100029040003000070082001900100110003200119240001700151245008400168264005600252300002500308336002700333337003300360338002800393500004000421590002700461910001400488942001300502952013400515999001700649DO-SdBNP20250617113724.0ta250617s2004 dr 000 0 spa d aDO-SdBNPbspacBNPHUerda axxxxbR426222 aRepública Dominicana944710a[leyes,etc.]10aLey No. 137-03 :bsobre tráfico ilícito de migrantes y trata de personas / 1aSanto Domingo :bEditorial La Filantropica, c2004. a14 páginasc21 cm. atextobtxt2rdacontent asin mediaciónbn2rdamedia avolumenbnc2rdacarrier aPromulgada el 7 de agosto del 2003. aInventariado, 2025/ YL aYLockward 2ddccLF2 00102ddc51708PD-FaBNPHUbBNPHUcCTd2015-10-01eDonación l0oBNPHU F-PD xxxx R426p2025-5345r2025-06-17w2025-06-17yLF2 c59314d59314